[Event "FIDE Olympiad Disabilties 2020"]
[Site "Online"]
[Date "2020.11.21"]
[Round "1.20"]
[White "Muming, Ardian Syah"]
[Black "Paal, Attila"]
[Result "0-1"]
[WhiteElo "1431"]
[BlackElo "2148"]
[Annotator "NA"]
[PlyCount "114"]
[EventDate "2020.11.21"]
[EventType "team-tourn"]
[EventCountry "NET"]
[SourceTitle "playchess.com"]
[Source "ChessBase"]
[SourceQuality "1"]
[WhiteTeam "Malaysia"]
[BlackTeam "Hungary"]
[WhiteTeamCountry "MAS"]
[BlackTeamCountry "HUN"]

1. d4 Nf6 2. c4 c5 3. e3 e6 4. Nf3 Be7 5. g3 O-O 6. Bg2 cxd4 7. exd4 d5 8. O-O Nc6 9. cxd5 Nxd5 10. Nc3 Re8 11. a3 Nxc3 12. bxc3 Qa5 13. Qb3 Qa6 14. Re1 Na5 15. Qa2 Bd7 16. Rb1 Bb5 17. Ne5 Rac8 18. a4 Bd3 19. Nxd3 Qxd3 20. Re3 Qd1+ 21. Bf1 b6 22. Bb2 Qb3 23. Qxb3 Nxb3 24. Bb5 Red8 25. c4 Nxd4 26. Bxd4 Rxd4 27. Rbb3 Bc5 28. Red3 Rcd8 29. Rxd4 Rxd4 30. Rb2 Kf8 31. Kg2 Ke7 32. h4 e5 33. f3 f5 34. Re2 Kf6 35. Kh3 Rd1 36. Bc6 a5 37. Kg2 g6 38. Kh3 h6 39. Kg2 g5 40. hxg5+ hxg5 41. Kh2 Ke6 42. Kg2 Kd6 43. Bb5 Bd4 44. Kh2 Kc5 45. Rc2 Be3 46. Kg2 Kd4 47. Re2 Rb1 48. Kh2 e4 49. fxe4 fxe4 50. Kh3 Kd3 51. c5+ Rxb5 52. Rxe3+ Kxe3 53. axb5 a4 54. cxb6 a3 55. b7 a2 56. b8=Q a1=Q 57. Qb6+ Kf3 0-1

[Event "FIDE Olympiad Disabilties 2020"]
[Site "Online"]
[Date "2020.11.21"]
[Round "1.20"]
[White "Sadewah, Arjoni"]
[Black "Gaspar, Muriel Aranka"]
[Result "0-1"]
[WhiteElo "650"]
[BlackElo "1423"]
[Annotator "NA"]
[PlyCount "54"]
[EventDate "2020.11.21"]
[EventType "team-tourn"]
[EventCountry "NET"]
[SourceTitle "playchess.com"]
[Source "ChessBase"]
[SourceQuality "1"]
[BlackTeam "Hungary"]
[BlackTeamCountry "HUN"]

1. e4 d5 2. exd5 Qxd5 3. Nc3 Qa5 4. Nf3 Bf5 5. d3 e6 6. Be2 c6 7. O-O Nf6 8. Bd2 Qc7 9. h3 Bd6 10. Re1 O-O 11. Qc1 Nbd7 12. Bf1 Rfe8 13. Ne2 e5 14. Ng3 Bg6 15. Ne4 Nxe4 16. dxe4 Nf6 17. Bd3 h6 18. Nh4 Bh7 19. Re3 Bc5 20. Rg3 Kf8 21. Bxh6 gxh6 22. Qxh6+ Ke7 23. Rg7 Rh8 24. Bc4 Raf8 25. Rd1 Bxe4 26. Rxf7+ Rxf7 27. Qxh8 Rh7 0-1

[Event "FIDE Olympiad Disabilties 2020"]
[Site "Online"]
[Date "2020.11.21"]
[Round "1.21"]
[White "Olivera Gutierrez, Albert"]
[Black "Telles, Rigoberto"]
[Result "1-0"]
[WhiteElo "2097"]
[BlackElo "1307"]
[Annotator "ChessBase"]
[PlyCount "71"]
[EventDate "2020.11.21"]
[EventType "team-tourn"]
[EventCountry "NET"]
[SourceTitle "playchess.com"]
[Source "ChessBase"]
[SourceQuality "1"]
[WhiteTeam "Spain"]
[BlackTeam "Costa Rica"]
[WhiteTeamCountry "ESP"]
[BlackTeamCountry "CRI"]

1. Nf3 d5 2. b3 d4 3. Bb2 c5 4. c3 Nc6 5. cxd4 cxd4 6. g3 e5 7. d3 Nf6 8. Bg2 Be7 9. Nbd2 O-O 10. O-O Be6 11. Rc1 Rc8 12. Nc4 Bxc4 13. Rxc4 Bd6 14. Nd2 Re8 15. Qc1 Qb6 16. Ba3 Bxa3 17. Qxa3 Na5 18. Ra4 Nc6 19. Nc4 Qc7 20. Nd6 Qe7 21. Nxe8 Qxa3 22. Nxf6+ gxf6 23. Rxa3 Kf8 24. Rc1 Ke7 25. Bxc6 Rxc6 26. Rxc6 bxc6 27. Rxa7+ Ke6 28. a4 f5 29. a5 h5 30. a6 Kd6 31. Rxf7 Kc5 32. a7 Kb6 33. a8=Q Kc5 34. Qa3+ Kb6 35. b4 Kb5 36. Qa5# 1-0

[Event "FIDE Olympiad Disabilties 2020"]
[Site "Online"]
[Date "2020.11.21"]
[Round "1.21"]
[White "Draghici Flutur, Gavril"]
[Black "Cabrera Sosa, Marco Vinicio"]
[Result "1-0"]
[WhiteElo "2072"]
[BlackElo "1364"]
[Annotator "NA"]
[PlyCount "117"]
[EventDate "2020.11.21"]
[EventType "team-tourn"]
[EventCountry "NET"]
[SourceTitle "playchess.com"]
[Source "ChessBase"]
[SourceQuality "1"]
[WhiteTeam "Spain"]
[BlackTeam "Costa Rica"]
[WhiteTeamCountry "ESP"]
[BlackTeamCountry "CRI"]

1. e4 g6 2. d4 Bg7 3. Nc3 d6 4. Bg5 Nc6 5. Nge2 Nf6 6. Qd2 h6 7. Bh4 a6 8. f4 Bg4 9. h3 Bxe2 10. Bxe2 Nh7 11. Bf2 Qd7 12. d5 Nd8 13. Bg4 e6 14. dxe6 fxe6 15. O-O O-O 16. Bd4 Nc6 17. Bxg7 Kxg7 18. Rad1 h5 19. Bf3 Rad8 20. e5 d5 21. Ne2 Qe7 22. Nd4 Nxd4 23. Qxd4 c5 24. Qd2 Rd7 25. c4 d4 26. Be4 Qd8 27. Qd3 Qe8 28. Rf3 Rg8 29. Rg3 Nf8 30. Qf3 Kh6 31. Bxb7 Rf7 32. Be4 Qa4 33. b3 Qe8 34. Rf1 g5 35. fxg5+ Kg7 36. Qxf7+ Qxf7 37. Rxf7+ Kxf7 38. Rf3+ Ke7 39. h4 Nd7 40. Kf1 Nxe5 41. Rf6 Rd8 42. Ke1 a5 43. Rh6 Ng4 44. Rxh5 d3 45. Kd2 Rd4 46. Bf3 Ne5 47. Rh7+ Kf8 48. h5 Rf4 49. Ke3 d2 50. Kxd2 Nxf3+ 51. gxf3 Rxf3 52. Ke2 Rh3 53. g6 Rh2+ 54. Kf3 Rxa2 55. h6 Rb2 56. Rh8+ Ke7 57. g7 Rxb3+ 58. Ke4 Rh3 59. g8=Q 1-0

[Event "FIDE Olympiad Disabilties 2020"]
[Site "Online"]
[Date "2020.11.21"]
[Round "1.21"]
[White "Gamboa Mora, Rolando"]
[Black "Fernandez Manrique, Agustin"]
[Result "0-1"]
[WhiteElo "1459"]
[BlackElo "2090"]
[Annotator "NA"]
[PlyCount "68"]
[EventDate "2020.11.21"]
[EventType "team-tourn"]
[EventCountry "NET"]
[SourceTitle "playchess.com"]
[Source "ChessBase"]
[SourceQuality "1"]
[WhiteTeam "Costa Rica"]
[BlackTeam "Spain"]
[WhiteTeamCountry "CRI"]
[BlackTeamCountry "ESP"]

1. e4 c5 2. Nf3 e6 3. d4 cxd4 4. Nxd4 Nf6 5. Nc3 Nc6 6. f3 Bb4 7. Qd3 d5 8. exd5 Qxd5 9. Nxc6 bxc6 10. Qxd5 cxd5 11. Bb5+ Ke7 12. Bd2 Rb8 13. Ba4 Bd7 14. Bxd7 Nxd7 15. O-O Bc5+ 16. Kh1 Rxb2 17. Rac1 Rc8 18. a4 Bb4 19. Nb1 Bxd2 20. Nxd2 Rcxc2 21. Rxc2 Rxc2 22. Nb3 Ra2 23. a5 Kd6 24. Ra1 Rxa1+ 25. Nxa1 Kc5 26. Kg1 Kb4 27. Kf2 Kc3 28. Ke2 Kb2 29. Kd2 Kxa1 30. Kc3 a6 31. Kb4 Kb2 32. f4 Kc2 33. g4 d4 34. Kc4 d3 0-1

[Event "FIDE Olympiad Disabilties 2020"]
[Site "Online"]
[Date "2020.11.21"]
[Round "1.22"]
[White "Mesa, Francisco Alonso Jr."]
[Black "Osman, Saiful Azham"]
[Result "1-0"]
[WhiteElo "1837"]
[BlackElo "850"]
[Annotator "NA"]
[PlyCount "153"]
[EventDate "2020.11.21"]
[EventType "team-tourn"]
[EventCountry "NET"]
[SourceTitle "playchess.com"]
[Source "ChessBase"]
[SourceQuality "1"]
[WhiteTeam "Colombia"]
[WhiteTeamCountry "COL"]

1. Nf3 d5 2. b3 Nc6 3. Bb2 Bg4 4. e3 e6 5. h3 Bh5 6. Be2 Bg6 7. O-O Nf6 8. d3 Bd6 9. Nh4 Nh5 10. Bxh5 Qxh4 11. Bxg6 hxg6 12. Bxg7 Rh7 13. Bb2 Qg5 14. f4 Qf5 15. Nd2 O-O-O 16. Nf3 d4 17. Nxd4 Nxd4 18. Bxd4 Rg8 19. e4 Qb5 20. a4 Qa5 21. e5 Bc5 22. Bxc5 Qxc5+ 23. d4 Qc6 24. Rc1 g5 25. Qf3 Qxf3 26. Rxf3 gxf4 27. Kf2 Rh4 28. Re1 Rg3 29. Rxg3 fxg3+ 30. Ke3 Kd7 31. Rf1 Ke7 32. Rf3 b6 33. Rxg3 c5 34. Rg4 Rh5 35. Re4 Rg5 36. g4 Rg6 37. dxc5 bxc5 38. h4 f5 39. exf6+ Kxf6 40. Rc4 e5 41. Kf3 Ke6 42. Rxc5 Rf6+ 43. Ke3 Rf4 44. Rc4 Rf1 45. h5 Kf6 46. Ke2 Rh1 47. Kf2 Kg5 48. Kg2 Rd1 49. Kf3 Rf1+ 50. Kg2 Rd1 51. Kf2 Rh1 52. b4 a6 53. c3 Rc1 54. b5 axb5 55. axb5 Rb1 56. Rb4 Rc1 57. b6 Rc2+ 58. Kf3 Rxc3+ 59. Ke2 Rc8 60. b7 Rb8 61. Ke3 Kh4 62. h6 Kg5 63. h7 Kf6 64. h8=Q+ Rxh8 65. b8=Q Rxb8 66. Rxb8 Kg5 67. Ke4 Kxg4 68. Rg8+ Kh5 69. Kxe5 Kh6 70. Kf6 Kh5 71. Rg6 Kh4 72. Rg5 Kh3 73. Kf5 Kh4 74. Kf4 Kh3 75. Kf3 Kh4 76. Rf5 Kh3 77. Rh5# 1-0

[Event "FIDE Olympiad Disabilties 2020"]
[Site "Online"]
[Date "2020.11.21"]
[Round "1.22"]
[White "Molina Valdes, Luisa Fernanda"]
[Black "Tarmizi, Muhd Tareq Shahir"]
[Result "1-0"]
[WhiteElo "1651"]
[BlackElo "488"]
[Annotator "NA"]
[PlyCount "55"]
[EventDate "2020.11.21"]
[EventType "team-tourn"]
[EventCountry "NET"]
[SourceTitle "playchess.com"]
[Source "ChessBase"]
[SourceQuality "1"]
[WhiteTeam "Colombia"]
[WhiteTeamCountry "COL"]

1. e4 c5 2. d4 cxd4 3. c3 e5 4. cxd4 exd4 5. Qxd4 Nc6 6. Qd1 Nf6 7. Nc3 Bb4 8. Bd3 O-O 9. Nge2 Re8 10. O-O d5 11. exd5 Nxd5 12. Nxd5 Be6 13. Nxb4 Nxb4 14. Bb1 Qc7 15. Bf4 Qa5 16. Nc3 Rad8 17. Qf3 Rd7 18. a3 Nc6 19. Qe4 g6 20. Bh6 f5 21. Qf4 Nd4 22. Bd3 Nb3 23. Rad1 Nc5 24. Bc4 Bxc4 25. Qxc4+ Kh8 26. Rxd7 Nxd7 27. Qd4+ Re5 28. Qxd7 1-0

[Event "FIDE Olympiad Disabilties 2020"]
[Site "Online"]
[Date "2020.11.21"]
[Round "1.22"]
[White "Ab Rahman, Muhd Ikmal Faiz"]
[Black "Molina, Gildardo"]
[Result "0-1"]
[WhiteElo "1414"]
[BlackElo "1998"]
[Annotator "NA"]
[PlyCount "140"]
[EventDate "2020.11.21"]
[EventType "team-tourn"]
[EventCountry "NET"]
[SourceTitle "playchess.com"]
[Source "ChessBase"]
[SourceQuality "1"]
[WhiteTeam "Malaysia"]
[BlackTeam "Colombia"]
[WhiteTeamCountry "MAS"]
[BlackTeamCountry "COL"]

1. e4 e5 2. Nf3 Nc6 3. Bb5 a6 4. Bxc6 dxc6 5. h3 Nf6 6. Nc3 Bb4 7. d3 Qe7 8. O-O Bd7 9. Bd2 h6 10. Na4 Bd6 11. Re1 c5 12. Nc3 O-O-O 13. Ne2 g5 14. Nh2 Rdg8 15. Ng3 h5 16. a3 g4 17. h4 Nh7 18. Nf5 Bxf5 19. exf5 Qxh4 20. g3 Qf6 21. Qe2 Qxf5 22. Nf1 Ng5 23. Bxg5 Qxg5 24. Qe3 Qe7 25. Qe4 h4 26. Re3 Qg5 27. c4 f5 28. Qg2 f4 29. Re4 h3 30. Qh2 f3 31. Ne3 Qh5 32. Re1 Rg5 33. Nd5 Rf8 34. Ne3 Qg6 35. Nd5 Qe6 36. Ne3 Rfg8 37. Nd5 Kb8 38. Ne3 c6 39. Kh1 Bc7 40. Kg1 Rd8 41. Rd1 Rd4 42. Kh1 Rg8 43. Qg1 Rgd8 44. Qf1 Qd7 45. Kh2 Rxd3 46. Rxd3 Qxd3 47. Qxd3 Rxd3 48. Rxg4 Rxe3 49. fxe3 Ka7 50. Rg7 Ba5 51. Rf7 e4 52. Kxh3 Bd2 53. Rf4 Bxe3 54. Rxe4 Bd4 55. g4 Bxb2 56. a4 b5 57. cxb5 a5 58. bxc6 Kb6 59. Re6 c4 60. Kg3 c3 61. Kxf3 c2 62. Re1 c1=Q 63. Rxc1 Bxc1 64. Ke4 Kxc6 65. Kf5 Kc5 66. g5 Kb4 67. g6 Bb2 68. Ke4 Kxa4 69. Kd3 Kb3 70. Ke4 a4 0-1

[Event "FIDE Olympiad Disabilties 2020"]
[Site "Online"]
[Date "2020.11.21"]
[Round "1.22"]
[White "Nazirah, Shamsudin"]
[Black "Bautista Chiquillo, Leidy"]
[Result "0-1"]
[WhiteElo "731"]
[BlackElo "1638"]
[Annotator "NA"]
[PlyCount "98"]
[EventDate "2020.11.21"]
[EventType "team-tourn"]
[EventCountry "NET"]
[SourceTitle "playchess.com"]
[Source "ChessBase"]
[SourceQuality "1"]
[BlackTeam "Colombia"]
[BlackTeamCountry "COL"]

1. e4 c5 2. Nf3 d6 3. d4 cxd4 4. Nxd4 Nf6 5. Nc3 a6 6. Be3 e5 7. Nf3 Be7 8. Be2 b5 9. a3 Bb7 10. Bd3 Nbd7 11. O-O O-O 12. h3 Qc7 13. a4 b4 14. Nd5 Nxd5 15. exd5 Nf6 16. c4 e4 17. Nd4 exd3 18. Qxd3 Nd7 19. Nf5 Bf6 20. Rae1 Ne5 21. Qe4 Qxc4 22. Nxd6 Qxd5 23. Qxd5 Bxd5 24. Bd4 Nf3+ 25. gxf3 Bxd4 26. Rd1 Bxb2 27. Rxd5 Rab8 28. Nc4 Bf6 29. Ra5 Rfc8 30. Rc1 b3 31. Rxa6 b2 32. Nxb2 Rxc1+ 33. Kg2 Bxb2 34. Rd6 Ba3 35. Rd3 Bc5 36. a5 Rc2 37. Kg3 Bxf2+ 38. Kg4 h5+ 39. Kxh5 Rb5+ 40. Kg4 Rc4+ 41. f4 Rxa5 42. Rd8+ Kh7 43. Rf8 Kg6 44. Kf3 Bc5 45. h4 Ra3+ 46. Kg4 Bxf8 47. h5+ Kh6 48. Kf5 Bd6 49. Kg4 Rxf4# 0-1

[Event "FIDE Olympiad Disabilties 2020"]
[Site "Online"]
[Date "2020.11.21"]
[Round "1.23"]
[White "Redor, Menandro"]
[Black "Khishigbayar, Mijgee"]
[Result "1-0"]
[WhiteElo "2019"]
[BlackElo "1847"]
[Annotator "NA"]
[PlyCount "79"]
[EventDate "2020.11.21"]
[EventType "team-tourn"]
[EventCountry "NET"]
[SourceTitle "playchess.com"]
[Source "ChessBase"]
[SourceQuality "1"]
[WhiteTeam "Philippines"]
[BlackTeam "Mongolia"]
[WhiteTeamCountry "PHI"]
[BlackTeamCountry "MGL"]

1. Nf3 d5 2. d4 e6 3. Bf4 c5 4. e3 Nc6 5. c3 Nf6 6. Nbd2 cxd4 7. exd4 Bd6 8. Bg3 O-O 9. Bd3 h6 10. Ne5 Bxe5 11. dxe5 Nd7 12. Qe2 f6 13. exf6 Nxf6 14. O-O Re8 15. Nf3 Qe7 16. Ne5 Bd7 17. Rad1 Nxe5 18. Bxe5 Bc6 19. Bb1 Nd7 20. f4 Qc5+ 21. Bd4 Qb5 22. Qc2 Nf8 23. Rd3 Rad8 24. Rg3 Rd7 25. Re1 Rf7 26. h3 Qa5 27. Kh2 Qc7 28. Be5 Qd8 29. Ree3 Ree7 30. Rg4 a6 31. Reg3 Qd7 32. Rh4 Rf5 33. Rxh6 Qe8 34. Qe2 Rxe5 35. Qxe5 Qf7 36. Qg5 Be8 37. Qh4 g6 38. Rh8+ Kg7 39. Qh6+ Kf6 40. Rxf8 1-0

[Event "FIDE Olympiad Disabilties 2020"]
[Site "Online"]
[Date "2020.11.21"]
[Round "1.24"]
[White "Maia, Jose Eduardo Bastos "]
[Black "Shalamberidze, Akaki"]
[Result "1-0"]
[WhiteElo "2043"]
[BlackElo "2358"]
[Annotator "NA"]
[PlyCount "119"]
[EventDate "2020.11.21"]
[EventType "team-tourn"]
[EventCountry "NET"]
[SourceTitle "playchess.com"]
[Source "ChessBase"]
[SourceQuality "1"]
[WhiteTeam "Brazil"]
[BlackTeam "Georgia"]
[WhiteTeamCountry "BRA"]
[BlackTeamCountry "GEO"]

1. d4 d6 2. e4 Nf6 3. Nc3 e5 4. dxe5 dxe5 5. Qxd8+ Kxd8 6. Nf3 Bd6 7. Bg5 Nbd7 8. O-O-O Ke7 9. Bc4 h6 10. Nd5+ Ke8 11. Bxf6 Nxf6 12. Nxf6+ gxf6 13. Rd3 Be6 14. Bxe6 fxe6 15. Rb3 b6 16. Rd1 Ke7 17. Nd2 Rhg8 18. g3 h5 19. h4 Rad8 20. Rf3 Rg6 21. a3 Rgg8 22. b4 Ra8 23. Nc4 Rgd8 24. Rfd3 Rac8 25. Kb2 Ra8 26. Kc3 Rac8 27. Kb3 a6 28. a4 Rb8 29. c3 Rd7 30. f4 Rbd8 31. fxe5 Bxe5 32. Rxd7+ Rxd7 33. Rxd7+ Kxd7 34. Nxe5+ fxe5 35. Kc4 Kd6 36. Kd3 c5 37. Ke3 cxb4 38. cxb4 a5 39. bxa5 bxa5 40. g4 hxg4 41. Kf2 Ke7 42. Kg3 Kf6 43. Kxg4 Kg6 44. h5+ Kh6 45. Kh4 Kg7 46. Kg5 Kf7 47. h6 Kg8 48. Kf6 Kh7 49. Kxe6 Kxh6 50. Kxe5 Kg6 51. Kd6 Kf6 52. e5+ Kf7 53. Kd7 Kf8 54. e6 Kg7 55. e7 Kh7 56. e8=Q Kg7 57. Ke6 Kh6 58. Kf6 Kh7 59. Qg6+ Kh8 60. Qg7# 1-0

[Event "FIDE Olympiad Disabilties 2020"]
[Site "Online"]
[Date "2020.11.21"]
[Round "1.24"]
[White "Polo, Tiago Dias"]
[Black "Simbelov, Roman T."]
[Result "1-0"]
[WhiteElo "1856"]
[BlackElo "1715"]
[Annotator "NA"]
[PlyCount "103"]
[EventDate "2020.11.21"]
[EventType "team-tourn"]
[EventCountry "NET"]
[SourceTitle "playchess.com"]
[Source "ChessBase"]
[SourceQuality "1"]
[WhiteTeam "Brazil"]
[BlackTeam "Russia"]
[WhiteTeamCountry "BRA"]
[BlackTeamCountry "RUS"]

1. d4 Nf6 2. Nf3 d5 3. Bf4 Nc6 4. e3 e6 5. c3 Bd6 6. Bg5 O-O 7. Bd3 e5 8. dxe5 Nxe5 9. Nxe5 Bxe5 10. Nd2 Qd6 11. h3 h6 12. Bxf6 Bxf6 13. Nf3 b6 14. O-O Be7 15. Re1 f5 16. Rc1 Bf6 17. Qc2 g6 18. b3 a5 19. c4 c5 20. cxd5 Qxd5 21. Bc4 Qxc4 22. Qxc4+ Kh8 23. Red1 Ba6 24. Qe6 Be2 25. Rd7 Bxf3 26. gxf3 Rae8 27. Qxb6 Bb2 28. Rcd1 Rc8 29. Qxg6 Rg8 30. Qxg8+ Rxg8+ 31. Kf1 Bf6 32. R1d6 Bg5 33. h4 Rg7 34. hxg5 Rxd7 35. Rxd7 hxg5 36. Rd5 Kg7 37. Rxf5 Kg6 38. Rxc5 Kh5 39. Rxa5 Kh4 40. Kg2 g4 41. Ra4 Kh5 42. Rxg4 Kh6 43. Kg3 Kh5 44. Kf4 Kh6 45. Kf5 Kh5 46. b4 Kh6 47. Rg5 Kh7 48. Kf6 Kh6 49. f4 Kh7 50. Kf7 Kh6 51. b5 Kh7 52. Rh5# 1-0

[Event "FIDE Olympiad Disabilties 2020"]
[Site "Online"]
[Date "2020.11.21"]
[Round "1.24"]
[White "Talikadze, Leri"]
[Black "Barata, Adriano Albiani"]
[Result "1/2-1/2"]
[WhiteElo "1162"]
[BlackElo "2144"]
[Annotator "NA"]
[PlyCount "69"]
[EventDate "2020.11.21"]
[EventType "team-tourn"]
[EventCountry "NET"]
[SourceTitle "playchess.com"]
[Source "ChessBase"]
[SourceQuality "1"]
[WhiteTeam "Georgia"]
[BlackTeam "Brazil"]
[WhiteTeamCountry "GEO"]
[BlackTeamCountry "BRA"]

1. d4 Nf6 2. c4 g6 3. Nc3 Bg7 4. Nf3 O-O 5. e4 d6 6. Be2 c5 7. d5 Re8 8. O-O e6 9. Bg5 h6 10. Bxf6 Bxf6 11. Re1 Bxc3 12. bxc3 e5 13. Qd2 Kh7 14. Bd3 Nd7 15. Rf1 Nf6 16. h3 Nh5 17. Qe3 Nf4 18. Nd2 Qg5 19. g4 Qh4 20. Qg3 Qxg3+ 21. fxg3 Nxd3 22. Rxf7+ Kg8 23. Raf1 Nb2 24. R7f6 Kg7 25. Rf7+ Kh8 26. R1f6 Rg8 27. Re7 Rg7 28. Rf8+ Kh7 29. Ree8 Rc7 30. Rh8+ Kg7 31. Rhg8+ Kf7 32. Rgf8+ Kg7 33. Rg8+ Kh7 34. Rh8+ Kg7 35. Rhg8+ 1/2-1/2

[Event "FIDE Olympiad Disabilties 2020"]
[Site "Online"]
[Date "2020.11.21"]
[Round "1.25"]
[White "Montenegro, Juan Carlos"]
[Black "Leyton Calderon, Jairo Oswaldo"]
[Result "0-1"]
[WhiteElo "1636"]
[BlackElo "1526"]
[Annotator "NA"]
[PlyCount "122"]
[EventDate "2020.11.21"]
[EventType "team-tourn"]
[EventCountry "NET"]
[SourceTitle "playchess.com"]
[Source "ChessBase"]
[SourceQuality "1"]
[WhiteTeam "Argentina"]
[BlackTeam "Nicaragua"]
[WhiteTeamCountry "ARG"]
[BlackTeamCountry "NCA"]

1. e4 c5 2. g3 g6 3. d4 cxd4 4. Qxd4 Nf6 5. Nc3 Nc6 6. Qd2 Bg7 7. Bg2 O-O 8. Nge2 d6 9. O-O Bd7 10. a3 Rc8 11. Rb1 a6 12. Rd1 Ne5 13. b3 Bg4 14. Bb2 Nf3+ 15. Bxf3 Bxf3 16. Qe3 Bg4 17. e5 Ne8 18. f3 Be6 19. Nd5 Bxd5 20. Rxd5 Qc7 21. c4 dxe5 22. Rbd1 Nd6 23. Bxe5 Bxe5 24. Qxe5 Rfd8 25. Kg2 f6 26. Qe3 Nf7 27. Nf4 Rxd5 28. Rxd5 Re8 29. Qe6 Rd8 30. Rxd8+ Qxd8 31. Nd5 Kf8 32. b4 Ng5 33. Qe2 Qd6 34. Nf4 e5 35. c5 Qc6 36. Nd3 Ne6 37. Nf2 Nd4 38. Qd3 f5 39. h4 Kf7 40. Qc4+ Kg7 41. Qc3 Kf6 42. g4 Ne2 43. Qe3 Nf4+ 44. Kg3 Nd5 45. Qg5+ Kf7 46. Nd3 f4+ 47. Kh3 Qf6 48. Nxe5+ Ke6 49. Qxf6+ Nxf6 50. Nd3 Nd5 51. Kg2 h6 52. Kf2 g5 53. hxg5 hxg5 54. a4 Nc3 55. a5 Nd5 56. Ke2 Nc7 57. Kd2 Kd5 58. Kc3 Nb5+ 59. Kd2 Nd4 60. Ne1 Nc6 61. Kc3 Nd4 0-1

[Event "FIDE Olympiad Disabilties 2020"]
[Site "Online"]
[Date "2020.11.21"]
[Round "1.25"]
[White "Mendoza Lainez, Ricardo Jose"]
[Black "Saponara Caizzi, Jose Maria"]
[Result "0-1"]
[WhiteElo "1137"]
[BlackElo "1524"]
[Annotator "NA"]
[PlyCount "50"]
[EventDate "2020.11.21"]
[EventType "team-tourn"]
[EventCountry "NET"]
[SourceTitle "playchess.com"]
[Source "ChessBase"]
[SourceQuality "1"]
[WhiteTeam "Nicaragua"]
[BlackTeam "Argentina"]
[WhiteTeamCountry "NCA"]
[BlackTeamCountry "ARG"]

1. e4 e6 2. f4 d5 3. e5 c5 4. Nf3 Nc6 5. c3 Qb6 6. Be2 Nh6 7. O-O Be7 8. d3 Nf5 9. Qe1 h5 10. a3 Bd7 11. b4 h4 12. bxc5 Bxc5+ 13. d4 Be7 14. a4 Na5 15. Bd1 Rc8 16. Na3 a6 17. Rb1 Qc7 18. Ng5 Qxc3 19. Qf2 Qxd4 20. Nc2 Qxf2+ 21. Rxf2 Bc5 22. Be3 Nxe3 23. Kh1 Nxd1 24. Rf1 Ne3 25. Nxe3 Bxe3 0-1

[Event "FIDE Olympiad Disabilties 2020"]
[Site "Online"]
[Date "2020.11.21"]
[Round "1.27"]
[White "Saltik, Suleyman"]
[Black "Mosongoh Geoffrey Maoga"]
[Result "1-0"]
[WhiteElo "1639"]
[BlackElo "1199"]
[Annotator "NA"]
[PlyCount "37"]
[EventDate "2020.11.21"]
[EventType "team-tourn"]
[EventCountry "NET"]
[SourceTitle "playchess.com"]
[Source "ChessBase"]
[SourceQuality "1"]
[WhiteTeam "Turkey"]
[BlackTeam "Kenya"]
[WhiteTeamCountry "TUR"]
[BlackTeamCountry "KEN"]

1. e4 e5 2. Nf3 f6 3. Bc4 c6 4. Nc3 Bb4 5. Nxe5 Qe7 6. Qh5+ g6 7. Nxg6 Qg7 8. Nxh8+ Kd8 9. Nf7+ Kc7 10. O-O d5 11. exd5 Bxc3 12. dxc3 Nd7 13. Bf4+ Ne5 14. Nxe5 Bd7 15. Nxd7+ Kxd7 16. dxc6+ bxc6 17. Rad1+ Kc8 18. Ba6+ Qb7 19. Qe8# 1-0

[Event "FIDE Olympiad Disabilties 2020"]
[Site "Online"]
[Date "2020.11.21"]
[Round "1.28"]
[White "Bruno, Alejandro P."]
[Black "Mikhalionak, Alena"]
[Result "0-1"]
[WhiteElo "2294"]
[BlackElo "1508"]
[Annotator "NA"]
[PlyCount "62"]
[EventDate "2020.11.21"]
[EventType "team-tourn"]
[EventCountry "NET"]
[SourceTitle "playchess.com"]
[Source "ChessBase"]
[SourceQuality "1"]
[WhiteTeam "Argentina"]
[BlackTeam "Belarus"]
[WhiteTeamCountry "ARG"]
[BlackTeamCountry "BLR"]

1. d4 Nf6 2. Nf3 e6 3. Bf4 d5 4. e3 Bd6 5. Ne5 O-O 6. Nd2 c6 7. Bd3 h6 8. c3 Qc7 9. Ndf3 Nbd7 10. Qc2 c5 11. Rc1 c4 12. Be2 b5 13. h3 Ne4 14. O-O a6 15. Rfd1 Bb7 16. a3 Rac8 17. Bh2 Rfd8 18. Nxd7 Rxd7 19. Bxd6 Qxd6 20. Ne5 Rdd8 21. f4 f5 22. Bh5 Qe7 23. Kh2 Qf6 24. Qe2 Rc7 25. Rg1 g5 26. g4 Rg7 27. Qg2 Bc8 28. Rc2 Rf8 29. Re2 fxg4 30. Bxg4 gxf4 31. Rf1 Qg5 0-1

[Event "FIDE Olympiad Disabilties 2020"]
[Site "Online"]
[Date "2020.11.21"]
[Round "1.28"]
[White "Rosikhin, Igor"]
[Black "Bonilla, Julio Cesar"]
[Result "1-0"]
[WhiteElo "1832"]
[BlackElo "1261"]
[Annotator "NA"]
[PlyCount "57"]
[EventDate "2020.11.21"]
[EventType "team-tourn"]
[EventCountry "NET"]
[SourceTitle "playchess.com"]
[Source "ChessBase"]
[SourceQuality "1"]
[WhiteTeam "Belarus"]
[BlackTeam "Colombia"]
[WhiteTeamCountry "BLR"]
[BlackTeamCountry "COL"]

1. e4 c5 2. Nc3 Nc6 3. f4 g6 4. Nf3 Bg7 5. Bb5 a6 6. Bxc6 bxc6 7. O-O d6 8. d3 e5 9. fxe5 dxe5 10. Be3 Qd6 11. Na4 Ne7 12. Bxc5 Qb8 13. c4 Bf6 14. Nb6 Ra7 15. Nxc8 Rb7 16. Nxe7 Bxe7 17. Bxe7 Rxe7 18. Qd2 O-O 19. Qc3 Qb6+ 20. c5 Qc7 21. Rad1 Rd8 22. d4 f6 23. d5 cxd5 24. exd5 Qd7 25. d6 Re6 26. Kh1 Qc6 27. Qc4 Kf7 28. Ng5+ Ke8 29. Qxe6+ 1-0

[Event "FIDE Olympiad Disabilties 2020"]
[Site "Online"]
[Date "2020.11.21"]
[Round "2.1"]
[White "Molenda, Marcin"]
[Black "Figueroa Morales, Tomas"]
[Result "1-0"]
[WhiteElo "2349"]
[BlackElo "2093"]
[Annotator "TA"]
[PlyCount "49"]
[EventDate "2020.11.21"]
[EventType "team-tourn"]
[EventCountry "NET"]
[SourceTitle "playchess.com"]
[Source "ChessBase"]
[SourceQuality "1"]
[WhiteTeam "Poland"]
[BlackTeam "Chile"]
[WhiteTeamCountry "POL"]
[BlackTeamCountry "CHI"]

1. d4 d5 2. c4 dxc4 3. e3 e5 4. Bxc4 exd4 5. exd4 Nf6 6. Nf3 Bb4+ 7. Nc3 O-O 8. O-O Nbd7 9. h3 Nb6 10. Bb3 c6 11. Bg5 h6 12. Bh4 Be7 13. Ne5 Nbd5 14. Qf3 Be6 15. Rfe1 Re8 16. Rad1 Nc7 17. Bc2 Nfd5 18. Bg3 Nf6 19. Qd3 Ncd5 20. a3 Nxc3 21. bxc3 Bf8 22. Bh4 g6 23. Nxg6 fxg6 24. Rxe6 Rxe6 25. Bb3 1-0

[Event "FIDE Olympiad Disabilties 2020"]
[Site "Online"]
[Date "2020.11.21"]
[Round "2.1"]
[White "Gonzalez Astete, Cristian"]
[Black "Tazbir, Marcin"]
[Result "0-1"]
[WhiteElo "2130"]
[BlackElo "2513"]
[Annotator "TA"]
[PlyCount "64"]
[EventDate "2020.11.21"]
[EventType "team-tourn"]
[EventCountry "NET"]
[SourceTitle "playchess.com"]
[Source "ChessBase"]
[SourceQuality "1"]
[WhiteTeam "Chile"]
[BlackTeam "Poland"]
[WhiteTeamCountry "CHI"]
[BlackTeamCountry "POL"]

1. d4 d5 2. Bf4 Nf6 3. e3 g6 4. Nf3 Bg7 5. h3 O-O 6. Be2 c5 7. c3 Qb6 8. Qc1 Nc6 9. O-O Nd7 10. Nbd2 e5 11. dxe5 Ndxe5 12. Nxe5 Nxe5 13. Nf3 Nxf3+ 14. Bxf3 Be6 15. Rd1 Rfd8 16. Qc2 Rd7 17. Rd2 h6 18. Rad1 Rad8 19. g4 Qa5 20. a3 Qb6 21. b4 a5 22. Kg2 axb4 23. cxb4 c4 24. Bg3 d4 25. exd4 Bxd4 26. Be4 c3 27. Re2 Bc4 28. Ree1 Bf6 29. Rxd7 Rxd7 30. Bxg6 Rd2 31. Qf5 Qc6+ 32. Kg1 c2 0-1